| 000 | 00435nam a2200157Ia 4500 | ||
|---|---|---|---|
| 003 | GCL | ||
| 008 | 140319s9999 xx 000 0 ara d | ||
| 040 |
_aGCL / _cGCL |
||
| 082 | 0 | 4 |
_a920.71 _bم ف |
| 100 | 1 | _aمحمد فتحى صبرى | |
| 245 | 1 | 0 |
_aفارس العرب عنترة بن شداد / _cمحمد فتحى صبرى |
| 300 | _a123 ص | ||
| 490 |
_a100 قصة _v0 |
||
| 650 | 0 | 4 | _aعنترة بن شداد |
| 942 |
_2ddc _cBK |
||
| 999 |
_c45616 _d45616 |
||